000 01026nam0a22003131 4500
001 v19\rc\1723670
005 20260408231526.0
035 _a(NLR Aleph) 004820746
090 _a5015504
_c5015504
100 _a20061002d1901 k y0rusy50 ca
101 0 _arus
102 _aRU
105 _ay z |||||
200 1 _aНародное образование в Японии
_fС.С. Григорьев
210 _aС.-Петербург
_cтипография В. Киршбаума
_d1901
215 _a[2], 76 с.
_d25
606 1 _aОбразование
_yЯпония
_92371142
_3RU\NLR\AUTH\661415297
606 _aШколы
_yЯпония
_3RU\NLR\AUTH\6601763962
_92690298
686 1 _aЧ34(5Я)
686 1 _aЧ424(5Я)
700 1 _aГригорьев
_bС. С.
_gСемен Степанович
801 0 _aRU
_bNLR
_gpsbo
801 0 _aRU
_bRuMoRGB
_2psbo
801 1 _aRU
_bProSoft-M
_2rusmarc
801 2 _aRU
_bNLR
_c20170110
_2rusmarc
852 _aNLR
_j18.336.3.14
942 _cBOOK
980 _aNB